MyGZULibrary

Human rights education and the politics of knowledge / (Record no. 9186)

MARC details
000 -LEADER
fixed length control field 01626cam a2200349 i 4500
001 - CONTROL NUMBER
control field 19201556
003 - CONTROL NUMBER IDENTIFIER
control field GZU
005 - DATE AND TIME OF LATEST TRANSACTION
control field 20210607150148.0
008 - FIXED-LENGTH DATA ELEMENTS--GENERAL INFORMATION
fixed length control field 160802s2017 enk b 001 0 eng
010 ## - LIBRARY OF CONGRESS CONTROL NUMBER
LC control number 2016035259
020 ## - INTERNATIONAL STANDARD BOOK NUMBER
International Standard Book Number 9781138779112 (hbk)
020 ## - INTERNATIONAL STANDARD BOOK NUMBER
Canceled/invalid ISBN 9781315769493 (ebk)
040 ## - CATALOGING SOURCE
Original cataloging agency DLC
Language of cataloging eng
Transcribing agency DLC
Description conventions rda
042 ## - AUTHENTICATION CODE
Authentication code pcc
050 00 - LIBRARY OF CONGRESS CALL NUMBER
Classification number K3240
Item number .C695 2017
082 00 - DEWEY DECIMAL CLASSIFICATION NUMBER
Classification number 323.071
Edition number 23
100 1# - MAIN ENTRY--PERSONAL NAME
Personal name Coysh, Joanne,
Relator term author.
245 10 - TITLE STATEMENT
Title Human rights education and the politics of knowledge /
Statement of responsibility, etc. Joanne Coysh.
264 #1 - PRODUCTION, PUBLICATION, DISTRIBUTION, MANUFACTURE, AND COPYRIGHT NOTICE
Place of production, publication, distribution, manufacture Milton Park, Abingdon, Oxon ;
-- New York, NY :
Name of producer, publisher, distributor, manufacturer Routledge,
Date of production, publication, distribution, manufacture, or copyright notice 2017.
300 ## - PHYSICAL DESCRIPTION
Extent viii, 201 pages ;
Dimensions 24 cm.
336 ## - CONTENT TYPE
Content type term text
Content type code txt
Source rdacontent
337 ## - MEDIA TYPE
Media type term unmediated
Media type code n
Source rdamedia
338 ## - CARRIER TYPE
Carrier type term volume
Carrier type code nc
Source rdacarrier
490 0# - SERIES STATEMENT
Series statement Routledge research in human rights law
504 ## - BIBLIOGRAPHY, ETC. NOTE
Bibliography, etc. note Includes bibliographical references (pages 181-194) and index.
505 0# - FORMATTED CONTENTS NOTE
Formatted contents note Introduction : HRE, the politics of knowledge and social transformation -- Navigating the field : orientations in human rights education -- A global discourse of human rights education -- Human rights education scholarship -- Case study : human rights education in Tanzania -- The dominant discourse : human rights education as cultural translation -- Conclusion : learning from the edge : towards HRE as transformative praxis.
650 #0 - SUBJECT ADDED ENTRY--TOPICAL TERM
Topical term or geographic name entry element Human rights
General subdivision Study and teaching.
650 #0 - SUBJECT ADDED ENTRY--TOPICAL TERM
Topical term or geographic name entry element Non-governmental organizations.
906 ## - LOCAL DATA ELEMENT F, LDF (RLIN)
a 7
b cbc
c orignew
d 1
e ecip
f 20
g y-gencatlg
942 ## - ADDED ENTRY ELEMENTS (KOHA)
Source of classification or shelving scheme Library of Congress Classification
Koha item type Books
Classification part 3240
Item part COY
Call number prefix K
Call number suffix 2017
Holdings
Withdrawn status Lost status Damaged status Not for loan Collection code Home library Current library Shelving location Date acquired Total Checkouts Full call number Barcode Date last seen Copy number Price effective from Koha item type
        Non-fiction Law Library Law Library General Stacks 06/07/2021   K3240 COY 2017 029927 06/07/2021 c.1 06/07/2021 Books